000
00209 a2200097 4500
020
_a
9780517228524
041
_a
eng
100
_a
Terry Brooks
245
_a
The heritage of Shnnara Books I And II
942
_c
BK
999
_c
30064
_d
30062